Campeones de la Copa Argentina - Estadísticas

Estadísticas generales
  • Esta prueba ha sido intentada 14 veces
  • La puntuación promedio es 11 de 14
Estadísticas de respuestas
Año Campeón % Correcto
2014-15 Boca Juniors
92%
2025 Independiente Rivadavia
92%
2018-19 River Plate
92%
2019-20 Boca Juniors
83%
2011-12 Boca Juniors
83%
2022 Patronato
83%
2016-17 River Plate
83%
1969 Boca Juniors
75%
2024 Central Córdoba
75%
2015-16 River Plate
75%
2013-14 Huracán
67%
2012-13 Arsenal de Sarandí
58%
2017-18 Rosario Central
58%
2023 Estudiantes
50%
No se encontraron pruebas coincidentes
Distribución de puntuación
Porcentaje de gente con cada puntuación
Porcentaje por número respondido
Historial de tus puntuaciones
No has intentado esta prueba.